000 00277nam a22001337a 4500
008 170204b xxu||||| |||| 00| 0 eng d
020 _a9781563637339
041 _aeng
080 _21ST
_a61
100 _a3
101 _aSHM
245 _aDIABETES
_cLAGOW, B
942 _2udc
_cBK
999 _c4556
_d4556